The merchant of Venice

Sábháilte in:
Sonraí bibleagrafaíochta
Príomhchruthaitheoir: Shakespeare, William
Formáid: LEABHAR
Teanga:Undetermined
Foilsithe / Cruthaithe: Chicago, Estados Unidos Scott, Foresman & Co. 1908
Ábhair:
Clibeanna: Cuir clib leis
Níl clibeanna ann, Bí ar an gcéad duine le clib a chur leis an taifead seo!

MARC

LEADER 00000nam a2200000Ia 4500
008 170316s9999 xx 000 0 und d
040 |a cru BVZT 
090 |a 820 S-5mr 
100 |a Shakespeare, William 
245 4 |a The merchant of Venice 
260 |a Chicago, Estados Unidos 
260 |b Scott, Foresman & Co. 
260 |c 1908 
300 |a 172 páginas 
650 |a LITERATURA INGLESA 
999 |c 7157  |d 7157 
942 |c 15 D  |h 820 S-5mr  |2 z